Classique mondiale de baseball - 4 premières places - Statistiques

Statistiques générales
  • Ce quiz a été pris 173 fois
  • Le résultat moyen est 6 sur 9
Statistiques - réponses
Pays % Correct
États-Unis
100%
Japon
92%
Mexique
83%
Cuba
76%
Corée du Sud
68%
Venezuela
39%
République dominicaine
37%
Porto Rico
29%
Pays-Bas
28%
Aucun quiz correspondant
Distribution des résultats
% des personnes avec chaque résultat
Percentile par nombre de réponses
Votre historique - résultats
Vous n’avez pas pris ce quiz